000 00980nam a22003137a 4500
001 BR0102516
003 BR-BrBNA
005 20230928100908.0
007 ta
008 230509b bl.||||| |||| 00| 0 por d
040 _aBR-BrBNA
_bpor
_cBiblioteca Nacional de Agricultura
041 _a(Por)
072 _aL53; L10
_b5212
090 _ 5212 BR0102516
100 1 _aCunha, A.L.B.
110 1 _aUniversidade Federal de Minas Gerais, Belo Horizonte (Brasil). Escola de Veterinaria
_0Tese (Mestrado)
245 1 _aAvaliacao do desempenho produtivo e reprodutivo de femeas bovinas mesticas jovens
260 3 _aBelo Horizonte, MG (Brasil):
_c1998.
300 _a67 p.
500 _aSummaries (Eng, Por); Bibliography p. 61-67; 19 tables
650 _aBovino
650 _aReproducao Animal
650 _aEficiencia Reprodutiva
650 _aGanho de Peso
650 _aGenetica Animal
650 _aBezerro
909 _a202309
_bLucia
_c55
_dLucia Elande
942 _cBK
999 _c63295
_d63295